| 000 | 00546nam a2200193 a 4500 | ||
|---|---|---|---|
| 005 | 20210219152916.0 | ||
| 008 | 991125n 000 0 spa u | ||
| 035 | _aUPN01000066798 | ||
| 100 | _aJIMENEZ LOPEZ, Jose Antonio | ||
| 222 | _aREVISTA ESPAÑOLA DE PEDAGOGIA | ||
| 245 | _aEl carácter integrador de la historia en la formación humana | ||
| 300 | _a459-484 | ||
| 362 | _a1994 Año 52, no. 199 sep.-dic. | ||
| 653 | 0 | _aCIENCIA | |
| 653 | 0 | _aHISTORIA | |
| 653 | 0 | _aRELACIONES HUMANAS | |
| 904 |
_aAC _b004609 |
||
| 905 | _aArticulo | ||
| 999 |
_c63664 _d63664 |
||